000 00628nam a2200217 a 4500
001 ASIN0198084560
003 OSt
005 20150408114143.0
008 130927s2012 xxu eng d
020 _a9788171339174
040 _aMa-Un
082 0 4 _a572.8
100 1 _aSharma, Vinay.
_937949
245 1 0 _aA Text book of Bioinformatics /
_cVinay Sharma, Ashok Munjal and Ashish Shanker
260 _aNew Delhi:
_bRASTOGI PUBLICATIONS
_c2012.
300 _a260 p. ;
_c25 cm.
650 0 _aBioinformatics
_94843
_vTextbooks
700 _aMunjal, Ashok
_938028
700 _aShanker, Asheesh
_938029
942 _2ddc
_cBOOK
999 _c31336
_d265836